000 00945nam a2200289 a 4500
003 MX-MxUPN
005 20250116063830.0
008 991125s1927 sp gr 001 0 spa d
035 _aUPN01000018227
040 _aMX-MxUPN
_bspa
_cMX-MxUPN
041 _aspa
050 4 _aLB1051
_bR4.738 1927
100 1 _aRenault, Jules,
_dn. 1879
_929535
245 1 0 _aEducación y educadores :
_bpsicología del niño, psicología del adolescente, educación de los adolescentes
260 _aMadrid :
_b[editor no identificado],
_c1927.
300 _a159 páginas
504 _aIncluye índice.
650 4 _aEducación
_9682
650 4 _aEducadores
_916283
710 2 _951335
_aMuseo Pedagógico Nacional (México)
_epropietario anterior
740 0 _aPsicología del niño
740 0 _aPsicología del adolescente
740 0 _aEducación de los adolescentes
902 _bMaríaRobles/020924
905 _aLibro
942 _2lcc
_cLIBRO
_n0
999 _c18227
_d18227